[Event "Vladimir op-A"]
[Site "Vladimir"]
[Date "2008.08.20"]
[Round "8"]
[White "Ayzatulin, Rostislaw"]
[Black "Babayan, Armine"]
[Result "0-1"]
[WhiteElo "2034"]
[BlackElo "2047"]
[PlyCount "122"]
[EventDate "2008.08.12"]
[EventType "swiss"]
[EventRounds "10"]
[EventCountry "RUS"]
[SourceTitle "CBM 126 Extra"]
[Source "ChessBase"]
[SourceDate "2008.11.05"]
[SourceVersion "1"]
[SourceVersionDate "2008.11.05"]
[SourceQuality "1"]

1. e4 c5 2. f4 d6 3. Nf3 Nc6 4. d3 g6 5. g3 Bg7 6. c3 Nf6 7. Bg2 0-0 8. 0-0 Bd7 9. h3 c4 10. Kh2 cxd3 11. Qxd3 Qc7 12. Be3 a6 13. Nbd2 b5 14. Nb3 Rac8 15. Nfd4 Rfd8 16. Rac1 e5 17. Ne2 Be6 18. f5 Bc4 19. Qc2 Qe7 20. fxg6 hxg6 21. Bg5 Ng4+ 22. hxg4 Qxg5 23. Rfd1 Qxg4 24. Ng1 Bh6 25. Bh3 Qh5 26. g4 Bf4+ 27. Kg2 Qh4 28. Qf2 Qxf2+ 29. Kxf2 Bxb3 30. axb3 Bxc1 31. Rxc1 g5 32. Rd1 b4 33. Nf3 bxc3 34. bxc3 Na5 35. b4 Nb3 36. Bf1 a5 37. bxa5 Nxa5 38. Rd5 Nb3 39. c4 f6 40. Ke3 Kf8 41. Ne1 Nc5 42. Rd2 Ke7 43. Nc2 Rb8 44. Rh2 Rh8 45. Rxh8 Rxh8 46. Nb4 Ra8 47. Nd5+ Kf7 48. Kf3 Ra3+ 49. Ne3 Ne6 50. Kf2 Nf4 51. Nf5 Ke6 52. Ng7+ Kd7 53. Nf5 Nd3+ 54. Bxd3 Rxd3 55. Ne3 Kc6 56. Nd5 Kc5 57. Nxf6 Kd4 58. Kg2 Rc3 59. Nh7 Kxe4 60. Nxg5+ Kf4 61. Nf7 e4 0-1

[Event "Vladimir op-A"]
[Site "Vladimir"]
[Date "2008.08.16"]
[Round "5"]
[White "Molchanova, Tatjana"]
[Black "Ayzatulin, Rostislaw"]
[Result "1-0"]
[WhiteElo "2349"]
[BlackElo "2034"]
[PlyCount "119"]
[EventDate "2008.08.12"]
[EventType "swiss"]
[EventRounds "10"]
[EventCountry "RUS"]
[SourceTitle "CBM 126 Extra"]
[Source "ChessBase"]
[SourceDate "2008.11.05"]
[SourceVersion "1"]
[SourceVersionDate "2008.11.05"]
[SourceQuality "1"]

1. e4 c5 2. Nf3 Nc6 3. d4 cxd4 4. Nxd4 Nf6 5. Nc3 g6 6. Be3 Bg7 7. Nxc6 bxc6 8. e5 Ng8 9. Bd4 f6 10. Qe2 fxe5 11. Bxe5 Nf6 12. 0-0-0 0-0 13. h4 d5 14. f3 a5 15. g4 a4 16. h5 Bh6+ 17. Kb1 g5 18. Qe3 Qe8 19. Be2 Nd7 20. Rdf1 a3 21. b3 Qf7 22. Nd1 Bg7 23. Bxg7 Qxg7 24. Qe6+ Qf7 25. Qxc6 Rb8 26. Qh6 Qf6 27. Qxf6 Rxf6 28. Nc3 Nb6 29. Rd1 Bb7 30. Rhe1 Kf8 31. Nb5 e5 32. Nxa3 d4 33. Nb5 Nd5 34. Kb2 Ne3 35. Rd2 Bxf3 36. a4 Bxe2 37. Rdxe2 Rf4 38. c3 dxc3+ 39. Nxc3 Nxg4 40. Re4 Nf2 41. R4e3 g4 42. Ka3 Rd8 43. Rxe5 Rf3 44. R1e3 Rd3 45. Rxf3+ Rxf3 46. Ne4 Nd3 47. Rd5 Nc1 48. Nd2 Rf2 49. a5 g3 50. a6 Rf7 51. Rb5 g2 52. Nf3 Rxf3 53. a7 g1Q 54. a8Q+ Kg7 55. Qxf3 Qa7+ 56. Kb2 Qd4+ 57. Kxc1 Qa1+ 58. Kc2 Qa2+ 59. Kc3 Qa1+ 60. Kc4 1-0

[Event "Vladimir op-A"]
[Site "Vladimir"]
[Date "2008.08.15"]
[Round "4"]
[White "Ayzatulin, Rostislaw"]
[Black "Domogaev, Sergey"]
[Result "0-1"]
[WhiteElo "2034"]
[BlackElo "2364"]
[PlyCount "50"]
[EventDate "2008.08.12"]
[EventType "swiss"]
[EventRounds "10"]
[EventCountry "RUS"]
[SourceTitle "CBM 126 Extra"]
[Source "ChessBase"]
[SourceDate "2008.11.05"]
[SourceVersion "1"]
[SourceVersionDate "2008.11.05"]
[SourceQuality "1"]

1. e4 a6 2. f4 c5 3. Nf3 d5 4. e5 Nc6 5. c3 Bf5 6. d3 e6 7. Be2 h5 8. Na3 b5 9. Nc2 d4 10. cxd4 cxd4 11. Ng5 Be7 12. Bf3 Rc8 13. h4 g6 14. 0-0 Nh6 15. a3 Bg4 16. Ne1 Nf5 17. Bxg4 hxg4 18. Qxg4 Rxh4 19. Qf3 Bxg5 20. g4 Nxe5 21. fxe5 Bxc1 22. Ng2 Be3+ 23. Nxe3 dxe3 24. Rac1 e2 25. Qxe2 Qd4+ 0-1